000 01165nam a22003017a 4500
005 20160819104603.0
008 150818b xxu||||| |||| 00| 0 eng d
010 _a1516EN07 ENG-115779
020 _a9780199208272
_c310.00
035 _aB-607330-352
035 _aEN-99311
037 _bDBAD/PUB
040 _aDPL
_bEnglish
082 _2803
100 _aBaldick, Chris
245 _aThe oxford dictionary of literary terms/
_b by Chris Baldick
260 _aNew Delhi
_bOxford University Press,
_c201?
270 _aYMCA Library building, 1 Jai Singh road
_bNew Delhi
_e110001
300 _ax, 361p.
_c20 cm. (Pbk)
650 _aWelfare economics.
650 _aFinance, Public.
650 _aFinance, Public
_xMathematical models.
650 _aWelfare economics
_xMathematical models.
650 _aDevelopment economics.
856 _3Table of contents only
_uhttp://www.loc.gov/catdir/enhancements/fy0628/2006297239-t.html
942 _adpl
_cEN
_2ddc
_h803
_mBAL
999 _c96116
_d96116